El veterinario a su alcance; cómo cuidar a su perro y a otros animales domésticos /

Guardado en:
Autor Principal: Bruno, Ermando
Formato: Libro
Publicado: Barcelona : De Vecchi, 1978
Materias:
Etiquetas: Agregar Etiqueta
Sin Etiquetas, Sea el primero en etiquetar este registro!
LEADER 00565nam a22001815a 4500
001 CEM.cems015742
005 20091203182054.0
008 130507s1978##################000#0#####d
003 CEMS
082 0 4 |a 636.089 
100 1 |a Bruno, Ermando 
245 1 0 |a El veterinario a su alcance; cómo cuidar a su perro y a otros animales domésticos /  |c Ermando Bruno, 
260 |a Barcelona :  |b De Vecchi,  |c 1978 
300 |a 224 p. 
653 |a Animales domésticos 
653 |a Ganadería 
653 |a Veterinaria 
859 |a CEMS  |b BIB. CEMS - Agricultura  |h 636.089  |i B836  |p A10921.82  |t Ej.1